00960 2200313 4500001002100000005001500021035002000036007000300056008004100059020002200100082001500122084001700137100002200154245010200176250003400278300004100312700002700353264003800380336002100418337003000439338002300469040002200492090002200514850001200536999002200548650002300570504003100593990002200624INLIS00000000087213720220824100948 a0010-0822000742ta220824s2021 yoia g 0 ind d a978-623-5680-20-004223a371.33 a371.33 SUR p0 aSuradiePengarang10aPenggunaan media gambar :bpada materi anggota tata surya di SD /cSuradi; penyunting, Ahmad Kori aCetakan Pertama, Oktober 2021 avi, 96 halaman :bilustrasi ;c20 cm0 aAhmad KoriePenyunting31aSleman :bPustaka Egaliter,c2021 2rdacontentateks 2rdamediaatanpa perantara 2rdacarrieravolume aYOPDYOGbinderda aCB-D.11 2021-3395 aYOPDYOG aCB-D.11/2021-3395 aMedia pembelajaran aBibliografi: halaman 89-91 aCB-D.11/2021-3395